000 00641cam a22002411 4500
001 sa 67001306
003 DLC
005 20260227112321.0
008 890602s1963 ii b 000 0 hino
010 _asa 67001306
035 _a(OCoLC)19806755
040 _aDLC
_cWaU
_dNRU
_dDLC
042 _apremarc
050 0 0 _aPK1931
_b.S17
100 1 _aSahal, Kanhaiya Lal,
_d1911-
245 1 0 _aMūlyāṅkana.
260 _aJayapura,
_bRājasthāna Pustaka Mandira
_c[1963]
300 _a3, 394 p.
_c20 cm.
500 _aIn Hindi.
504 _aBibliographical footnotes.
650 0 _aHindi philology.
650 0 _aRajasthani philology.
999 _c72526
_d72526